Library of the University of Algiers 3
Ibrahim Sultan Cheibout
شعار جامعة الجزائر 3
مكتبة جامعة الجزائر 3
إبراهيم سلطان شيبوط

تنظيم المجتمع وقضايا التعولم / (رقم التسجيلة. 44389)

تفاصيل مارك
000 -LEADER
fixed length control field 01613nam a2200229Ia 4500
003 - CONTROL NUMBER IDENTIFIER
control field Ost
005 - DATE AND TIME OF LATEST TRANSACTION
control field 20260507075410.0
008 - FIXED-LENGTH DATA ELEMENTS--GENERAL INFORMATION
fixed length control field 260507s9999||||xx |||||||||||||| ||und||
040 ## - CATALOGING SOURCE
Transcribing agency fsecg
041 ## - LANGUAGE CODE
Language code of text/sound track or separate title ara
082 ## - DEWEY DECIMAL CLASSIFICATION NUMBER
Classification number 330
100 ## - MAIN ENTRY--PERSONAL NAME
Personal name عبد اللطيف، رشاد أحمد
Relator term مؤلف
245 #0 - TITLE STATEMENT
Title تنظيم المجتمع وقضايا التعولم /
Statement of responsibility, etc. رشاد أحمد عبد اللطيف
260 ## - PUBLICATION, DISTRIBUTION, ETC.
Place of publication, distribution, etc. الإسكندرية:
Name of publisher, distributor, etc. دار الوفاء لدنيا الطباعة والنشر,
Date of publication, distribution, etc. 2007
300 ## - PHYSICAL DESCRIPTION
Extent 395 صفحة؛
Other physical details إيضاحات ؛
Dimensions 24 سم
520 ## - SUMMARY, ETC.
Summary, etc. طريقة تنظيم المجتمع في إطار العولمة، تنمية المنظمات كإطار نظري لممارسة طريقة تنظيم المجتمع في الخدمة الاجتماعية، عناصر تنمية المنظمات، نماذج التدريب المجتمع لأخصائي تنظيم المجتمع، نماذج الممارسة في إطار طريقة تنظيم المجتمع، مدخل تنمية الموارد المالية بالمؤسسات الاجتماعية والحكومية، مخل دراسة الجدوى للمشروعات الاجتماعية، النظريات التي تعتمد عليها ممارسات طريقة تنظيم المجتمع، أجهزة تنظيم المجتمع، كيفية تحليل مواقف طريقة تنظيم المجتمع مع عرض بعض المواقف
653 ## - INDEX TERM--UNCONTROLLED
Uncontrolled term الإنفتاح على العالم
653 ## - INDEX TERM--UNCONTROLLED
Uncontrolled term التنمية الإجتماعية
653 ## - INDEX TERM--UNCONTROLLED
Uncontrolled term العولمة
653 ## - INDEX TERM--UNCONTROLLED
Uncontrolled term المجتمع
942 ## - ADDED ENTRY ELEMENTS (KOHA)
Koha item type كتب
المقتنيات
Withdrawn status Lost status Source of classification or shelving scheme Damaged status Not for loan Home library Current library Date acquired Serial enumeration / chronology Inventory number Total checkouts Full call number Barcode Date last seen Price effective from Koha item type
    Dewey Decimal Classification   NOT LOAN / إعارة داخلية مكتبة كلية العلوم الإقتصادية والعلوم التجارية وعلوم التسيير مكتبة كلية العلوم الإقتصادية والعلوم التجارية وعلوم التسيير 07/05/2026 الطابق الأرضي 27009   أ/4452ن1 27009 07/05/2026 07/05/2026 كتب
    Dewey Decimal Classification   Available مكتبة كلية العلوم الإقتصادية والعلوم التجارية وعلوم التسيير مكتبة كلية العلوم الإقتصادية والعلوم التجارية وعلوم التسيير 07/05/2026 الطابق الأرضي 27010   أ/4452ن2 27010 07/05/2026 07/05/2026 كتب
    Dewey Decimal Classification   Available مكتبة كلية العلوم الإقتصادية والعلوم التجارية وعلوم التسيير مكتبة كلية العلوم الإقتصادية والعلوم التجارية وعلوم التسيير 07/05/2026 الطابق الثاني 27011   أ/4452ن3 27011 07/05/2026 07/05/2026 كتب

موارد الويب المفتوحة


© University of Algiers 3 All Rights Reserved
|
Implemented by LECHELAH Riad